| 000 | 00437pam a2200157a 44500 | ||
|---|---|---|---|
| 008 | 230515b2002 xxu||||| |||| 00| 0 eng d | ||
| 020 | _a1-58799-047-4 | ||
| 041 | _aENGL | ||
| 082 | _a658.1 GAL. | ||
| 100 | _a"GALLWEY W. T.," | ||
| 245 | _aINNER GAME OF WORK | ||
| 250 | _a0 | ||
| 260 |
_aNEW YORK _bTEXERE PUBLISHER _c2002 |
||
| 300 | _aNULL | ||
| 650 | _a"MANAGEMENT,MANAGEMENT ORGANIZATION,LEARNING ORGANIZATION,MEETINGS,PROGRAMS" | ||
| 999 |
_c534967 _d534967 |
||